Urban growth: an approach (Record no. 410074)

000 -LEADER
fixed length control field 00430cam a22001457a 4500
008 - FIXED-LENGTH DATA ELEMENTS--GENERAL INFORMATION
fixed length control field 180718b1973 xxu||||| |||| 00| 0 eng d
020 ## - INTERNATIONAL STANDARD BOOK NUMBER
International Standard Book Number 0 416 66950 6
082 ## - DEWEY DECIMAL CLASSIFICATION NUMBER
Classification number J72x42 R576
100 ## - MAIN ENTRY--PERSONAL NAME
Personal name Robson, Brian T.
245 ## - TITLE STATEMENT
Title Urban growth: an approach
Statement of responsibility, etc. by Brian T. Robsen
260 ## - PUBLICATION, DISTRIBUTION, ETC.
Place of publication, distribution, etc. London
Name of publisher, distributor, etc. Methuen
Date of publication, distribution, etc. 1973
300 ## - PHYSICAL DESCRIPTION
Extent xiv, 268p
650 ## - SUBJECT ADDED ENTRY--TOPICAL TERM
Topical term or geographic name entry element Cities and towns -Growth -Case studies.
650 ## - SUBJECT ADDED ENTRY--TOPICAL TERM
Topical term or geographic name entry element Cities and towns -Great Britain
Holdings
Withdrawn status Lost status Damaged status Not for loan Permanent Location Current Location Date acquired Full call number Barcode Date last seen Price effective from Koha item type
        Indian Institute of Public Administration Indian Institute of Public Administration 2009-03-03 J72x42 R576 DA4491 2018-07-21 2018-07-21 DA

Powered by Koha